Vista normal
Vista MARC
- Comedia romántica
Entrada Género y forma
Número de registros utilizados en: 2
001 - NÚMERO DE CONTROL
- campo de control: 578
003 - IDENTIFICADOR DEL NÚMERO DE CONTROL
- campo de control: ES-MaFIAP
005 - FECHA Y HORA DE LA ÚLTIMA TRANSACCIÓN
- campo de control: 20221024135415.0
008 - DATOS DE LONGITUD FIJA
- campo de control de longitud fija: 221024|| aca||aabn | a|a d
040 ## - FUENTE DE LA CATALOGACIÓN
- Centro catalogador/agencia de origen: ES-MaFIAP
- Centro/agencia transcriptor: ES-MaFIAP
155 ## - ENCABEZAMIENTO--TÉRMINO DE GÉNERO/FORMA
- Término de género/forma: Comedia romántica
670 ## - FUENTE DE DATOS ENCONTRADOS
- Cita de la fuente: Work cat.: (ES-MaFIAP)209: La boda de mi novia [Videograbación] /, D. L. 2008





